長い国境を持つ国 - Statistics

General Stats
  • This quiz has been taken 495 times
  • The average score is 28 of 40
Answer Stats
距離 (km) % Correct
6,846 ロシア
99%
3,645 ロシア
99%
3,543 ロシア
99%
8,891 アメリカ合衆国
98%
3,141 アメリカ合衆国
98%
8,891 カナダ
97%
2,185 中国
97%
6,846 カザフスタン
92%
4,677 モンゴル
92%
4,053 インド
92%
3,543 モンゴル
92%
3,380 インド
92%
2,912 インド
92%
2,203 カザフスタン
92%
3,141 メキシコ
89%
3,400 ブラジル
84%
2,200 ブラジル
84%
5,308 チリ
83%
5,308 アルゼンチン
83%
4,677 中国
82%
3,645 中国
82%
3,380 中国
82%
2,912 パキスタン
82%
2,430 パキスタン
82%
2,430 アフガニスタン
67%
2,203 ウズベキスタン
63%
4,053 バングラデシュ
61%
3,400 ボリビア
56%
2,185 ミャンマー
55%
2,050 コロンビア
52%
2,200 ベネズエラ
49%
2,050 ベネズエラ
49%
2,511 コンゴ民主共和国
46%
2,130 ベトナム
38%
2,130 ラオス
35%
2,237 マリ
27%
2,511 アンゴラ
23%
2,410 コンゴ共和国
21%
2,237 モーリタニア
21%
2,410 コンゴ民主共和国
15%
No matching quizzes found
Score Distribution
Percent of People with Each Score
Percentile by Number Answered
Your Score History
You have not taken this quiz